| 000 | 01216nam0a2200313 4500 | ||
|---|---|---|---|
| 001 | RU\NLR\BIBL_A\011609298 | ||
| 005 | 20240921191913.0 | ||
| 010 |
_a9785905655029 _950 |
||
| 021 |
_aRU _b2017-100131 _97221 |
||
| 035 | _a(RuMoRGB)009498778 | ||
| 035 | _a(NLR Aleph) 011609298 | ||
| 090 |
_a10927284 _c10927284 |
||
| 100 | _a20180129d2017 u y0rusy50 ca | ||
| 101 | 0 | _arus | |
| 102 | _aRU | ||
| 105 | _a z ||000 | ||
| 200 | 1 |
_aОбратное притяжение _eсборник стихов _fМихаил Кропанёв |
|
| 210 |
_aЕкатеринбург _cСтанционный смотритель _d2017 |
||
| 215 |
_a90 с. _cил. _d20 |
||
| 320 | _aДр. кн. авт. на 4-й с. обл. | ||
| 327 | 1 | _aСодерж.: циклы: Обаяние старины; Акорды души; Уголки памяти; На линии тьмы; Дорога; Юмор; Палитра | |
| 686 |
_aШ5(2=Р)64-65я44 _2rubbk |
||
| 686 | 2 | _aШ6(2=Р)8-5 | |
| 700 | 1 |
_7ca _8rus _aКропанёв _bМ. А. _f1953- _gМихаил Александрович _9185336 _3RU\NLR\AUTH\770185387 |
|
| 942 | _cBOOK | ||
| 980 | _aNBR | ||